| 000 | 01288nam a22002177a 4500 | ||
|---|---|---|---|
| 999 |
_c63838 _d63838 |
||
| 003 | Ge_BSU | ||
| 005 | 20260202155032.0 | ||
| 008 | 260202s1962 ge ||||| |||| 00| 0 geo d | ||
| 041 | _ageo | ||
| 080 | _a338(479.2)(09) გ-92 | ||
| 100 |
_aგუგუშვილი, პაატა _93880 |
||
| 245 |
_aსაქართველოსა და ამიერკავკასიის ეკონომიკური განვითარება XIX-XX საუკუნეებში : _bმონოგრაფიები. ტ. 5 / _cპაატა გუგუშვილი ; [რედ. ა. გუნია] |
||
| 264 |
_aთბილისი : _bსაქ. სსრ მეცნ. აკად. გამ-ბა და სტ., _c1962. |
||
| 300 |
_a 648 გვ.; _b20 სმ. |
||
| 500 | _aპარალ. თავფურც. რუს. ენ. | ||
| 504 | _aბიბლიოგრაფია შენიშვნებში. | ||
| 653 | _aამიერკავკასიის ეკონომიკის ისტორია | ||
| 653 | _aსაქართველოს ეკონომიკის ისტორია | ||
| 700 |
_aგუნია, ა. _eრედაქტორი _926780 |
||
| 942 |
_2udc _cᲬᲘᲒᲜᲘ |
||